Online
Catalog

Matrimonio y moral / (Record no. 34560)

MARC details
000 -CABECERA
campo de control de longitud fija 00694nam a2200205 a 4500
001 - NÚMERO DE CONTROL
campo de control 000035069
005 - FECHA Y HORA DE LA ÚLTIMA TRANSACCIÓN
campo de control 20200930074102.0
008 - DATOS DE LONGITUD FIJA--INFORMACIÓN GENERAL
campo de control de longitud fija 111024s1979 ag 000 0 spa d
040 ## - FUENTE DE LA CATALOGACIÓN
Centro catalogador/agencia de origen DO-SdBNP
Lengua de catalogación spa
Centro/agencia transcriptor BNPHU
082 ## - NÚMERO DE LA CLASIFICACIÓN DECIMAL DEWEY
Número de clasificación xxxx
Número de documento/Ítem R961m
049 ## - FONDOS LOCALES (OCLC)
Fondos de biblioteca BNGR
100 1# - ENTRADA PRINCIPAL--NOMBRE DE PERSONA
Nombre de persona Russell, Bertrand
9 (RLIN) 45737
240 10 - TÍTULO UNIFORME
Título uniforme Marriage and morals
Lenguaje de la obra Español
245 10 - MENCIÓN DE TÍTULO
Título Matrimonio y moral /
Mención de responsabilidad, etc. Bertrand Russell ; versión castellana León Rozitchner.
260 ## - PUBLICACIÓN, DISTRIBUCIÓN, ETC.
Lugar de publicación, distribución, etc. Buenos Aires :
Nombre del editor, distribuidor, etc. Ediciones Siglo Veinte,
Fecha de publicación, distribución, etc. 1979.
300 ## - DESCRIPCIÓN FÍSICA
Extensión 166 p. ;
Dimensiones 20 cm.
500 ## - NOTA GENERAL
Nota general Traducido del inglés
590 ## - NOTA LOCAL (RLIN)
Nota local Perteneció a la biblioteca personal de Juan Isidro Jimenes Grullón.
700 1# - PUNTO DE ACCESO ADICIONAL--NOMBRE DE PERSONA
Nombre de persona Rozitchner, León,
Término indicativo de función/relación tr.
9 (RLIN) 60717
Holdings
Estado de retiro Estado de pérdida Restricciones de uso No para préstamo Código de colección Localización permanente Ubicación/localización actual Ubicación en estantería Fecha de adquisición Número de inventario Total de préstamos Signatura topográfica completa Código de barras Fecha visto por última vez Precio válido a partir de Tipo de ítem Koha Nota pública
      Excluido de préstamo Monografías: Libros y Folletos General General En catalogación 24.10.2011 LF1   xxxx R961m 35069-10 25.06.2020 25.06.2020 No se presta Perteneció a la biblioteca personal de Juan Isidro Jimenes -Grullón

Powered by Koha